| 000 | 00819nam a22002177a 4500 | ||
|---|---|---|---|
| 999 |
_c20573 _d20573 |
||
| 003 | AR-CdUCM | ||
| 008 | 190322b ||||| |||| 00| 0 spa d | ||
| 020 | _a968-18-2840-2 | ||
| 040 |
_aMUNICIPALIDAD PROVINCIAL DEL CUSCO _cBIBLIOTECA MUNICIPAL DEL CUSCO |
||
| 082 |
_a660.28 / _bV79 |
||
| 100 |
_aVan Vlack, Lawrence H. _920879 |
||
| 245 | _aMateriales para ingeniería / | ||
| 260 |
_aMéxico : _bContinental, _c1967. |
||
| 300 |
_a540 páginas ; _bIlustraciones, cuadros, diagramas, _c24 cm. |
||
| 505 | _aContenido : Requisitos de los materiales para ingeniería -- Ligas atómicas -- La estructura del átomo -- Atracciones interatómicas.... | ||
| 650 |
_aMovimientos atómicos _943010 |
||
| 650 |
_aElectromagnetismo _939789 |
||
| 650 |
_aEstabilidad térmica _943011 |
||
| 942 |
_2ddc _cLIBROS |
||
| 945 | _arcc | ||